000 00179 a2200097 4500
020 _a8434851997
041 _aspa
100 _aJose Legorburu
245 _aEspaoÌšl 5
942 _cBK
999 _c15677
_d15677